Citations cultes de films ou séries - Statistiques

Statistiques générales
  • Ce quiz a été pris 1 448 fois
    237 depuis la dernière actualisation
  • Le résultat moyen est 7 sur 15
Statistiques - réponses
Replique Film/serie % Correct
Que la Force soit avec toi Star Wars
99%
Je suis le roi du monde Titanic
77%
La vie, c'est comme une boîte de chocolats : on ne sait jamais sur quoi on va tomber Forrest Gump
73%
Un grand pouvoir implique de grandes responsabilités Spider-Man
65%
Je m’appelle Maximus Decimus Meridius Gladiator
62%
Y'a pas de bonne ou de mauvaise situation Astérix et Obélix : Mission Cléopâtre
56%
Sssplendide ! The mask
51%
Tu veux un whisky ? – Juste un doigt. – Tu veux pas un whisky d’abord ? La Cité de la Peur
43%
T’as de la pâte ? T’as du sucre ? Bah avec la pâte, tu fais une crêpe, et tu mets du sucre dessus Les Bronzés font du ski
39%
Houston, on a un problème Apollo 13
32%
Je vais lui faire une offre qu'il ne pourra pas refuser Le Parrain
31%
Hasta la vista, baby Terminator 2
30%
C'est pas faux Kaamelott
29%
Les cons ça ose tout, c’est même à ça qu’on les reconnaît Les Tontons Flingueurs
21%
Dans la vie, on a toujours le choix Peaky Blinders
1%
Aucun quiz correspondant
Distribution des résultats
% des personnes avec chaque résultat
Percentile par nombre de réponses
Votre historique - résultats
Vous n’avez pas pris ce quiz depuis la dernière actualisation